=LDR 00000nam 2200000 4500 =001 INLIS000000000041048 =005 20230525092318 =035 ##$$a 0010-061300000041048 =008 230525###########################0###### =041 ##$$a Ind =082 ##$$a 460 =090 ##$$a 460, MAH P =100 ##$$a Mahluddin Denny =245 1#$$a Percakapan Bahasa Spanyol /$c Denny Mahluddin T. =260 ##$$a Jakarta,$c 1996 =300 ##$$a x, 82 Hlm ; $c 18 cm =850 ##$$a NBPNMAT =020 ##$$a 979-8295-6 =084 ##$$a 460 MAH p =990 ##$$a 00086292